000 00617nam a2200217 a 4500
001 18895
003 CO-ViMGA
008 141112s2004 ck r 000 u spa d
020 _a9681659597
040 _aCO-ViMGA
_bspa
_cCO-ViMGA
082 _aBROpi
100 1 _aBrowne, Anthony
_92847
245 1 0 _aLas Pinturas de Willy
260 _aMexico :
_bFondo de Cultura Económica; 2000
300 _a25 p.
490 _aA la orilla del viento
590 _aForma de adquisición : Compra 2005
650 1 4 _aCUENTOS INFANTILES ESTADOUNIDENSES
_9823
650 1 4 _aPINTURA - CUENTOS INFANTILES
_95573
942 _2ddc
_cBK
999 _c10873
_d10873